Devízový režim po 1.1. 2000

Uvoľnenie v devízovom režime nastalo po 1. januári 2000 novelou Devízového zákona č. 388/1999 Z.z. a vyhláškou č. 390/1999 Z.z. v niektorých kapitálových transakciách, ak ide o strednodobé transakcie so splatnosťou najmenej 1 rok. Finančné operácie, ktoré zostali bez zmien. Vymedzenie obchodovania s...

Descrizione completa

Salvato in:
Dettagli Bibliografici
Autore principale: Najšlová, Oľga
Natura: Capitolo di libro
Lingua:slovacco
Soggetti:
Tags: Aggiungi Tag
Nessun Tag, puoi essere il primo ad aggiungerne!!

MARC

LEADER 00000naa a2200000 4500
001 r037261
005 20230911132648.9
041 0 |a slo 
044 |a SK 
245 1 0 |a Devízový režim po 1.1. 2000  |c Oľga Najšlová 
520 |a Uvoľnenie v devízovom režime nastalo po 1. januári 2000 novelou Devízového zákona č. 388/1999 Z.z. a vyhláškou č. 390/1999 Z.z. v niektorých kapitálových transakciách, ak ide o strednodobé transakcie so splatnosťou najmenej 1 rok. Finančné operácie, ktoré zostali bez zmien. Vymedzenie obchodovania s devízovými hodnotami podľa zákona č. 202/1995 Z.z. Devízový zákon v znení neskorších predpisov. Finančné transakcie tuzemca so zahraničím, ktoré sa môžu vykonať bez devízového povolenia. 
610 2 0 |a devízy 
610 2 0 |a operácie bankové 
610 2 0 |a obchody bankové 
610 2 0 |a licencie 
610 2 0 |a kapitál bankový 
610 2 0 |a úver devízový 
610 2 0 |a zákony 
610 2 0 |a Slovensko 
100 1 |a Najšlová, Oľga